| 000 | 00681nam a2200241Ia 4500 | ||
|---|---|---|---|
| 003 | OSt | ||
| 005 | 20220928111216.0 | ||
| 006 | a|||||r|||| 00| 0 | ||
| 007 | ta | ||
| 008 | 220927b |||||||| |||| 00| 0 eng d | ||
| 024 | _a74118 | ||
| 037 | _cTextual | ||
| 040 |
_aSDCL _cSDCL _beng |
||
| 041 |
_2eng _aeng |
||
| 082 | _aR68xI67,1, M4 | ||
| 100 |
_aAnantakrishna Sastri _9422599 |
||
| 245 | 0 |
_aNyayamrta and avaitasiddhi _b With seven commentaties. |
|
| 260 |
_aNew Delhi _bMeharchand Lachhmandas _c1984 |
||
| 300 |
_a676p _ccm. |
||
| 650 |
_aNyayamrta _9422600 |
||
| 942 |
_hR68xI67,1, M4 _cTEXL _2CC |
||
| 999 |
_c738991 _d738991 |
||